Cercador d’Informació de Diaris Oficials (CIDO) : oposicions : un primer pas per treballar a l’Administració pública oposicions :
Descripción Física:
1 punt de llibre ; 20 x 5 cm
MARC
| LEADER | 00000nrm a2200000 a 4500 | ||
|---|---|---|---|
| 001 | 24502 | ||
| 008 | 160829s9999 xx 000 0 cat d | ||
| 080 | |a NBM-12-3 | ||
| 245 | |a Cercador d’Informació de Diaris Oficials (CIDO) : |b oposicions : |b un primer pas per treballar a l’Administració pública | ||
| 260 | |a [Barcelona] : |b [Diputació de Barcelona], [s.a.] | ||
| 300 | |a 1 punt de llibre ; |c 20 x 5 cm | ||
| 610 | 2 | 0 | |a Barcelona (Catalunya : Província). |b Cercador d’Informació i Documentació Oficials |9 54955 |
| 655 | 0 | |a Punts de llibre |9 52700 | |
| 710 | 1 | |a Barcelona (Catalunya : Província). |b Diputació |9 52408 | |
| 901 | |a Arxiu | ||
| 942 | |n 1 |2 udc | ||
| 952 | |0 0 |1 0 |4 0 |6 NBM123 |7 1 |9 55408 |a Arxiu |b Arxiu |d 2016-12-01 |l 0 |o NBM-12-3 |p 24502 |r 2016-12-01 00:00:00 |w 2016-12-01 |y ARXIU | ||
| 999 | |c 59281 |d 59281 | ||